La réponse commence par U - Statistiques

Statistiques générales
  • Ce quiz a été pris 675 fois
  • Le résultat moyen est 13 sur 20
Statistiques - réponses
Indices Réponses % Correct
Pays frontalier du Brésil et de l'Argentine Uruguay
98%
Quelque chose de seul dans son genre Unique
96%
Coup de poing de bas en haut en boxe Uppercut
93%
Instrument à cordes pincées traditionnel hawaïen Ukulélé
87%
Projet imaginaire et illusoire Utopie
83%
Vêtement porté par tous les membres d'un même groupe Uniforme
80%
Quelque chose à faire sans attendre Urgent
80%
Accessoire de cuisine Ustensile
79%
Elément chimique découvert par Martin Heinrich Klaproth Uranium
78%
Antogoniste de La Petite Sirène Ursula
74%
Détérioration due à une utilisation de quelque chose Usure
68%
Rayonnement appelé lumière noire Ultraviolet
65%
Pays dont la devise monétaire est la hryvnia Ukraine
59%
Famille de mammifères formées par les ours Ursidé
48%
Etude des ovnis Ufologie
41%
Salut indien Ugh
40%
Proposition qui ne permet aucune contestation Ultimatum
24%
Plateforme de financement participatif utilisée par la web-série Noob Ulule
21%
Système d'exploitation Linux Ubuntu
20%
Récit qui permet d'imaginer le monde si un évènement historique aurait eut une autre issue Uchronie
20%
Aucun quiz correspondant
Distribution des résultats
% des personnes avec chaque résultat
Percentile par nombre de réponses
Votre historique - résultats
Vous n’avez pas pris ce quiz